The Naga story : (Record no. 88744)

MARC details
000 -LEADER
fixed length control field 01150nam a2200289Ia 4500
005 - DATE AND TIME OF LATEST TRANSACTION
control field 20170728110338.0
010 ## - LCCN (DPL NO)
LC control number BAC-EN21 ENG-111926
020 ## - INTERNATIONAL STANDARD BOOK NUMBER
International Standard Book Number 9788192072265
Terms of availability 850.00
035 ## - SYSTEM CONTROL NUMBER
System control number EN-95458
035 ## - SYSTEM CONTROL NUMBER
System control number B-581015-025
035 ## - SYSTEM CONTROL NUMBER
System control number B-667350
037 ## - SOURCE OF ACQUISITION
Source of stock number/acquisition Aakar/Ven
Stock number dpl
037 ## - SOURCE OF ACQUISITION
Source of stock number/acquisition DBAD/PUB
082 ## - DEWEY DECIMAL CLASSIFICATION NUMBER
Classification number 320.954165
100 ## - MAIN ENTRY--PERSONAL NAME
Personal name Chandola, Harish
245 ## - TITLE STATEMENT
Title The Naga story :
Statement of responsibility, etc by Harish Chandola; translated from Hindi by Raji Narasimhan [and] Harish Chandola
Remainder of title first armed struggle in India /
260 ## - PUBLICATION, DISTRIBUTION, ETC. (IMPRINT)
Date of publication, distribution, etc 2013
Place of publication, distribution, etc New Delhi
Name of publisher, distributor, etc Chicken Neck
270 ## - ADDRESS
Address C-127 Sarvodya Enclave
City New Delhi
Postal code 110017
300 ## - PHYSICAL DESCRIPTION
Dimensions 23cm(Hb)
Extent 428p. :
Other physical details ill.,map
500 ## - GENERAL NOTE
General note Includes index
650 ## - SUBJECT ADDED ENTRY--TOPICAL TERM
Topical term or geographic name as entry element Naga (South Asian people)
Geographic subdivision India
-- Nāgāland
General subdivision Politics and government.
700 ## - ADDED ENTRY--PERSONAL NAME
Personal name Narasimhan, Raji
700 ## - ADDED ENTRY--PERSONAL NAME
Personal name Chandola, Harish
942 ## - ADDED ENTRY ELEMENTS (KOHA)
Item type English Books
Source of classification or shelving scheme Dewey Decimal Classification
Call number suffix CHA
Classification part 320.954165
Holdings
Withdrawn status Lost status Not for loan Collection code Home library Current library Date acquired Source of acquisition Cost, normal purchase price Full call number Barcode Copy number Cost, replacement price Koha item type
      Non-fiction Ashok Vihar Ashok Vihar 28/07/2017 BPPD/EN/2014-15/AV/16-17/412/15.2.2017/I-3324/01.03.2017/ 17.3.2017 850.00 320.954165 CHA B-667350 1 850.00 English Books
      Non-fiction Bawana Bawana 01/07/2015 Aakar Books/1-1441/23.12.2014/167/08.12.2014/30.12.2014 850.00 320.954165 CHA B-581025 1 850.00 English Books
      Non-fiction Central Jail Tihar Central Jail Tihar 01/07/2015 Aakar Books/1-1441/23.12.2014/167/08.12.2014/30.12.2014 850.00 320.954165 CHA B-581020 1 850.00 English Books
      Non-fiction Central Library Central Library 01/07/2015 Aakar Books/1-1441/23.12.2014/167/08.12.2014/30.12.2014 850.00 320.954165 CHA B-581015 1 850.00 English Books
    Not For Loan Non-fiction D.B.Act.Division D.B.Act.Division 27/01/2015 DBAD/PUB 850.00 320.954165 CHA EN-95458 1 850.00 English Books
      Non-fiction Janak Puri Janak Puri 01/07/2015 Aakar Books/1-1441/23.12.2014/167/08.12.2014/30.12.2014 850.00 320.954165 CHA B-581021 1 850.00 English Books
      Non-fiction Karol Bagh Karol Bagh 01/07/2015 Aakar Books/1-1441/23.12.2014/167/08.12.2014/30.12.2014 850.00 320.954165 CHA B-581023 1 850.00 English Books
      Non-fiction Kasturba Gandhi Marg Kasturba Gandhi Marg 01/07/2015 Aakar Books/1-1441/23.12.2014/167/08.12.2014/30.12.2014 850.00 320.954165 CHA B-581017 1 850.00 English Books
      Non-fiction Narela Narela 01/07/2015 Aakar Books/1-1441/23.12.2014/167/08.12.2014/30.12.2014 850.00 320.954165 CHA B-581024 1 850.00 English Books
      Non-fiction Patel Nagar Patel Nagar 01/07/2015 Aakar Books/1-1441/23.12.2014/167/08.12.2014/30.12.2014 850.00 320.954165 CHA B-581016 1 850.00 English Books
      Non-fiction Peshwa Road Peshwa Road 01/07/2015 Aakar Books/1-1441/23.12.2014/167/08.12.2014/30.12.2014 850.00 320.954165 CHA B-581018 1 850.00 English Books
      Non-fiction Sarojini Nagar Sarojini Nagar 01/07/2015 Aakar Books/1-1441/23.12.2014/167/08.12.2014/30.12.2014 850.00 320.954165 CHA B-581022 1 850.00 English Books
      Non-fiction Tri Nagar Tri Nagar 01/07/2015 Aakar Books/1-1441/23.12.2014/167/08.12.2014/30.12.2014 850.00 320.954165 CHA B-581019 1 850.00 English Books

© Delhi Public Library
Hit Counter
free hit counter